Kvalita ako nástroj zvyšovania konkurencieschopnosti podnikov bakalárska práca

Salvato in:
Dettagli Bibliografici
Autore principale: Angyal, Patrik
Ente Autore: Fakulta podnikového manažmentu EU. Katedra manažmentu výroby a logistiky - zrušená
Altri autori: Mošať, Miroslav
Natura: Libro
Lingua:slovacco
Pubblicazione: Bratislava 2013
Tags: Aggiungi Tag
Nessun Tag, puoi essere il primo ad aggiungerne!!

MARC

LEADER 00000nbm a2200000 4500
001 0172971
005 20161109112129.3
041 0 |a slo 
044 |a SK 
245 1 0 |a Kvalita ako nástroj zvyšovania konkurencieschopnosti podnikov  |b bakalárska práca  |c Patrik Angyal ; školiteľ: Miroslav Mošať 
264 1 |a Bratislava  |c 2013 
300 |a 37 s. 
100 1 |a Angyal, Patrik 
700 1 |a Mošať, Miroslav 
710 2 |a Fakulta podnikového manažmentu EU. Katedra manažmentu výroby a logistiky - zrušená